Movies By Lead Actor - Statistics

General Stats
  • This quiz has been taken 80 times
  • The average score is 43 of 78
Answer Stats
Actor Year Answer % Correct
Marlon Brando 1972 The Godfather
88%
Heath Ledger 2008 The Dark Knight
86%
Joaquin Phoenix 2019 Joker
82%
Keanu Reeves 1999 The Matrix
79%
Tom Hanks 1994 Forrest Gump
78%
Samuel L. Jackson 1994 Pulp Fiction
78%
Michael J. Fox 1985 Back to the Future
77%
Morgan Freeman 1994 The Shawshank Redemption
77%
Bruce Willis 1988 Die Hard
75%
Harrison Ford 1981 Raiders of the Lost Ark
75%
Sylvester Stallone 1976 Rocky
75%
Elijah Wood 2003 The Lord of the Rings: The Return of the King
75%
Tom Holland 2021 Spider-Man: No Way Home
73%
Brad Pitt 1999 Fight Club
71%
Russell Crowe 2000 Gladiator
71%
Kate Winslet 1997 Titanic
71%
Jack Nicholson 1980 The Shining
68%
Sigourney Weaver 1979 Alien
67%
Chris Evans 2019 Avengers: Endgame
67%
Patrick Swayze 1987 Dirty Dancing
67%
Joe Pesci 1990 Goodfellas
67%
Uma Thurman 2003 Kill Bill: Vol. 1
67%
Olivia Newton-John 1978 Grease
64%
Al Pacino 1974 The Godfather Part II
64%
Al Pacino 1983 Scarface
63%
Jodie Foster 1991 The Silence of the Lambs
63%
Drew Barrymore 1982 E.T. the Extra-Terrestrial
62%
Hugh Jackman 2017 Logan
62%
Robert Downey Jr 2018 Avengers: Infinity War
60%
Jack Nicholson 1975 One Flew Over the Cuckoo's Nest
60%
Robert De Niro 1976 Taxi Driver
60%
Mel Gibson 1995 Braveheart
59%
Liam Neeson 1993 Schindler's List
59%
Brad Pitt 1995 Se7en
59%
Mark Hamill 1980 Star Wars: The Empire Strikes Back
59%
Bill Murray 1984 Ghostbusters
58%
Clint Eastwood 1966 The Good, the Bad and the Ugly
58%
J.K. Simmons 2014 Whiplash
58%
Humphrey Borgart 1942 Casablanca
56%
Hilary Swank 2004 Million Dollar Baby
55%
Johnny Depp 2003 Pirates of the Caribbean: The Curse of the Black Pearl
55%
Arnold Schwarzenegger 1991 Terminator 2: Judgement Day
55%
Julie Andrews 1965 The Sound of Music
55%
Judy Garland 1939 The Wizard of Oz
55%
Orson Welles 1941 Citizen Kane
53%
Haley Joel Osment 1999 The Sixth Sense
53%
Leonardo Dicaprio 2010 Inception
52%
Anthony Perkins 1960 Psycho
52%
Molly Ringwald 1985 The Breakfast Club
52%
Kevin Spacey 1995 The Usual Suspects
51%
Matthew McConaughey 2014 Interstellar
49%
Cho Yeo-jeong 2019 Parasite
49%
Tim Allen 1995 Toy Story
49%
Gene Kelly 1952 Singin' in the Rain
48%
Michael Clarke Duncan 1999 The Green Mile
48%
Clark Gable 1939 Gone With the Wind
47%
Roy Schieder 1975 Jaws
47%
Chiwetel Ejiofor 2013 12 Years a Slave
45%
Viola Davis 2011 The Help
45%
Laura Dern 1993 Jurassic Park
44%
James Stewart 1946 It's a Wonderful Life
42%
Gene Wilder 1971 Willy Wonka and the Chocolate Factory
42%
Henry Fonda 1957 12 Angry Men
41%
Gregory Peck 1962 To Kill a Mockingbird
41%
Linda Blair 1973 The Exorcist
40%
Susan Sarandon 1991 Thelma & Louise
40%
Malcolm McDowell 1971 A Clockwork Orange
38%
Elijah Wood 2001 The Lord of the Ring: The Fellowship of the Ring
37%
Matt Damon 1998 Saving Private Ryan
34%
Cary Elwes 1987 The Princess Bride
33%
Kurt Russell 1982 The Thing
30%
Terry Jones 1975 Monty Python and the Holy Grail
27%
Matthew Broderick 1994 The Lion King
26%
Shameik Moore 2018 Spiderman: Into the Spider-Verse
23%
Brad Bird 2004 The Incredibles
22%
Keir Dullea 1968 2001: A Space Odyssey
21%
Stephen Boyd 1959 Ben-Hur
19%
Ben Burtt 2008 WALL E
18%
No matching quizzes found
Score Distribution
Percent of People with Each Score
Percentile by Number Answered
Your Score History
You have not taken this quiz